| 000 -LEADER |
| fixed length control field |
00341nam a2200109Ia 4500 |
| 008 - FIXED-LENGTH DATA ELEMENTS--GENERAL INFORMATION |
| fixed length control field |
200302s9999 xx 000 0 und d |
| 100 ## - MAIN ENTRY--PERSONAL NAME |
| Personal name |
Donald R.Kennon & Thomas P Somma |
| 245 ## - TITLE STATEMENT |
| Title |
American Pantheon : Sculptural And Artistic Decoration Of The United State Capital |
| 260 ## - PUBLICATION, DISTRIBUTION, ETC. |
| Name of publisher, distributor, etc. |
Ohio University Press, Athens |
| 260 ## - PUBLICATION, DISTRIBUTION, ETC. |
| Date of publication, distribution, etc. |
2004 |
| 300 ## - PHYSICAL DESCRIPTION |
| Extent |
291 |